Organización de empresas

Uloženo v:
Podrobná bibliografie
Hlavní autor: Franklin Fincowsky, Enrique Benjamin (Autor)
Médium: Kniha
Jazyk:španělština
Vydáno: Ciudad de México McGraw Hill 2009
Vydání:3a. ed
Témata:
Tagy: Přidat tag
Žádné tagy, Buďte první, kdo vytvoří štítek k tomuto záznamu!

MARC

LEADER 00000nam a2200000 a 4500
001 UCH3265
003 CL-VaPUC
008 090723e20090000MX |||||||||||||||||spa|d
020 |a 9789701069356 
082 0 4 |a 658.4  |b FRA  |2 21 
100 0 |a Franklin Fincowsky, Enrique Benjamin  |e author  |9 538569 
245 1 0 |a Organización de empresas 
250 |a 3a. ed 
300 |a 501 p 
942 |c BK 
945 |d 20090723 00:00:00  |a rbrito 
260 |a Ciudad de México  |b McGraw Hill  |c 2009 
650 0 |a Administración de empresas   |9 260833 
650 0 |a Administración del personal  |9 260442 
650 0 |a Planificación estratégica   |9 259735 
650 0 |a Asistencia técnica  |9 259669 
583 |a last modification  |c 20090723 00:00:00  |k Rodrigo Vera 
999 |c 334882  |d 334880 
952 |0 0  |1 0  |4 0  |6 658_400000000000000_FRA_2009  |7 0  |8 A  |9 424143  |a BIBENE  |b BIBENE  |d 2019-11-22  |i 4574427  |o 658.4 FRA 2009  |p 4574427  |r 2025-01-15  |w 2019-11-22  |y BK  |k ICO